El Futuro del cooperativismo en Costa Rica /

Se plantea una serie de interrogantes sobre la crisis profunda que vive el cooperativismo costarricense y las transformaciones que son necesarias para encarar de forma positiva los retos del siglo XXI. Se indica que el estado actual y las perspectivas futuras están en duda, luego de un período de ex...

Fuld beskrivelse

Guardado en:
Bibliografiske detaljer
Hovedforfatter: Churnside Harrison, Róger
Format: Texto
Fag:
Tags: Tilføj Tag
Ingen Tags, Vær først til at tagge denne postø!

MARC

LEADER 00000 a a2200000 04500
001 8604
003
040
100 |a Churnside Harrison, Róger  
245 |a El Futuro del cooperativismo en Costa Rica /  |c Róger Churnside Harrison  
520 |a Se plantea una serie de interrogantes sobre la crisis profunda que vive el cooperativismo costarricense y las transformaciones que son necesarias para encarar de forma positiva los retos del siglo XXI. Se indica que el estado actual y las perspectivas futuras están en duda, luego de un período de expansión de 1963 a 1983   |a las cooperativas han mostrado una baja, ante todo en momentos en que el país cambia de modelo de desarrollo y se inclina por el neoliberalismo, con la aplicación de diferentes programas de ajuste estructural. Posteriormente se analiza la situación del cooperativismo en los países desarrollados, se indica que en estas sociedades ocurre una transformación profunda en la organización de la producción, el comercio y todas las actividades económicas relacionadas como la comunicación y el transporte. Para Alvin Tofler, se da un desplazamiento desde empresas masivas, concentradas, altamente centralizadas y jerarquizadas, hacia unidades pequeñas, dispersas, autónomas y participativas. La transformación es impulsada por innovaciones técnicas y otras formas de conocimiento, las cuales ya no pueden ser contenidas y controladas en las unidades burocráticas tradicionales. Por otra parte, referido a Costa Rica se indica que la crisis es transitoria y es el reflejo de un proceso circunstancial que el cooperativismo, como proyecto y proceso de cambio económico y social, se encuentra firme y tiene grandes opciones de desarrollo. OB/LOB  
650 |a COOPERATIVAS  
650 |a IDEOLOGIAS  
650 |a DESARROLLO ECONOMICO Y SOCIAL  
650 |a ESTRATEGIA DEL DESARROLLO  
650 |a AJUSTE ESTRUCTURAL  
650 |a NEOLIBERALISMO  
773 |g número 7; páginas 93-99  
999 |c 32693  |d 32693